100 najpopularniejszych polskich piosenek - Statystyki

Ogólne statystyki
  • Ten quiz został rozwiązany 44 razy
  • Średni wynik to 24 z 100
Statystyki odpowiedzi
Miejsce Wykonawca Odpowiedź % Poprawnych
1. Sławomir Miłość w Zakopanem
85%
2. Akcent Przez twe oczy zielone
71%
11. Grubson Na Szczycie
68%
4. Ronnie Ferrari Ona by tak chciała
68%
31. Ekipa 3kipa
56%
25. White 2115 California
54%
22. Piersi Bałkanica
51%
55. Sanah Szampan
51%
9. Kizo Disney
49%
14. Czadoman Ruda tańczy jak szalona
49%
69. Donatan Cleo My słowianie
46%
18. Łydka grubasa Rapapara
46%
6. Tymek ft. Big Scythe Język Ciała
44%
7. Paweł Domagała Weź nie pytaj
44%
5. Daj to głośniej Mama ostrzegała
41%
13. Weekend Ona tańczy dla mnie
41%
20. Tymek ft.Big Scythe, Deys Anioły i demony
39%
32. Taconafide Tamagotchi
39%
97. Ekipa X WIP bros Przejmujemy jutuby
37%
15. Skolim Wyglądasz idealnie
37%
26. Deemz X Bedoes X Planbe Eldorado
34%
68. Sobel Fiołkowe pole
34%
34. Sobel Impreza
34%
8. Sylwia Grzeszczak Tamta Dziewczyna
34%
70. Marek Grechuta Dni których nie znamy
32%
73. Popek X Matheo Wodospady
32%
53. Qbik 4 pory roku
29%
42. Quebonafide ft. Klaudia Szafrańska Candy
29%
35. Smolasty Duże oczy
29%
98. Enej Kamień z napisem love
29%
65. Mata Kiss Cam (podryw roku)
29%
30. Miłypan Małolatki
29%
67. Taconafide ft. Bedoes 8 kobiet
27%
48. Sanah, Vito Bambino Ale jazz!
27%
85. Mig Miód Malina
27%
66. Blacha Casablanca
24%
58. Guzior ft. Oskar83 Fala
24%
24. Quebonafide ft. Reto Half Dead
24%
10. Miłypan Królowa
24%
43. Reto UA
24%
19. Łobuzy Zbuntowany Anioł
24%
33. Sobel X Sanah Cześć, jak sie masz?
22%
78. Gang Albanii Dla prawdziwych dam
22%
47. Otsochodzi nie, nie
22%
37. Łobuzy Ona czuje we mnie piniądz
22%
74. Mata Patoreakcja
22%
23. Tymek Rainman
22%
28. Paluch Szaman
22%
87. Mr.Polska Złote Tarasy
22%
84. Agnieszka Chylińska Królowa Łez
20%
38. Blacha Mademoiselle
20%
99. Sanah Melodia
20%
96. Piękni i młodzi Niewiara
20%
44. Akcent Przekorny Los
20%
95. Mata Schodki
20%
52. Sarius Wiking
20%
41. Andre Ale Ale Aleksandra
17%
83. Young Igi Bestia
17%
81. Reto Billy Kid
17%
64. Cleo Łowcy Gwiazd
17%
61. Zbuku ft. Sztoss, śliwa Młoda Krew
17%
12. Męskie Granie Orkiestra Początek
17%
40. Tymek Poza kontrolą
17%
63. Long & Junior Tańcz Tańcz Tańcz
17%
80. Wiatr ft. Be Vis, Sobel Testarossa
17%
21. Kaen ft. Cheeba, Wdowa Zbyt wiele
17%
27. K2 ft. Buka 1 Moment
15%
60. Sylwia Grzeszczak ft. Mateusz Ziółko Bezdroża
15%
62. Guzior Blueberry
15%
50. Long & Junior Kolorowa Sukienka
15%
51. Piękni i Młodzi Ona jest taka cudowna
15%
94. Guzior Płuca zlepione topami
15%
46. Kancelaria Zabiorę cię właśnie tam
15%
49. Masters Żono moja
15%
76. Chada Żyć aż do bólu
15%
17. Paluch Bez strachu
12%
92. Donatan Cleo ft. Enej Brać
12%
36. Paluch Gdybyś kiedyś
12%
71. Bedoes X Lanek Jesteś ładniejsza niż na zdjęciach
12%
16. Spiżowi mocni Na pełnym
12%
39. Cleo Za krokiem krok
12%
89. BBX X Stachursky Essa
10%
88. Mig Lalunia
10%
79. Sławomir Ty mała znów zarosłaś
10%
54. C-Bool Wonderland
10%
29. Mig Wymarzona
10%
75. Ganja Mafia Mój ziomek
7%
45. Defis Niespotykany kolor
7%
72. Kordian Dziewczyna z gór
5%
3. Komodo (I just) Died in your arms
5%
100. Sobota X Matheo Jeszcze będzie Hajc
5%
82. Tribbs ft. Kubańczyk Ostatni raz zatańczysz ze mną
5%
77. DJ Disco ft. MC Polo Szalona Ruda
5%
86. Mateusz Ziółko W płomieniach
5%
90. Szpaku #Hot16challenge2
2%
56. Top Girls Jakbyś mnie zechciał
2%
93. Kabaret czwarta fala Mój passat robi we wsi szum
2%
57. Vivat Oddam ci wszystko
2%
91. Camasutra Tego chcesz
2%
59. Reto Papierosy_rmx
0%
Nie znaleziono quizów pasujących do podanych kryteriów
Rozkład punktacji
Procent ludzi z każdym wynikiem
Percentyl według liczby udzielonych odpowiedzi
Twoja historia wyników
Nie rozwiązałeś tego quizu